Neuropsychologie

Bibliographic Details
Main Author: Kulišťák, Petr, 1949- (Author)
Format: Book
Language:Czech
PhysicalDescription:327 s., xvi s. fareb. obr. príl. grafy, fotogr., tab. 24 cm
Published: Praha Portál 2003
ISBN:8071785547
Edition:Vyd. 1.
Subjects:

MARC

LEADER 00000cam a2200000 a 4500
001 vtls008283200
003 SK-MaSNL
005 20260301204400.0
008 240318s2003 xr odl f f 001 0 cze
020 |a 8071785547  |q (viaz.) 
035 |a SVKPOKN094679 
040 |a SNK  |b slo  |c SNK  |e AACR2 
041 0 |a cze 
044 |a xr  |c CZ 
072 7 |a 612  |x Fyziológia človeka a porovnávacia fyziológia  |2 konspket 
080 |a 612.821  |2 2001 
080 |a 159.91  |2 2001 
080 |a (035)  |2 2001 
100 1 |a Kulišťák, Petr,  |d 1949-  |4 aut  |9 75505 
245 1 0 |a Neuropsychologie  |c Petr Kulišťák 
250 |a Vyd. 1. 
260 |a Praha  |b Portál  |c 2003 
300 |a 327 s., xvi s. fareb. obr. príl.  |b grafy, fotogr., tab.  |c 24 cm 
650 0 7 |a neuropsychológia  |2 SNKPH  |9 14464 
655 7 |a príručky  |2 SNKPH  |9 74364 
919 |a 80-7178-554-7 
999 |c 906240  |d 908170 
952 |t snkKUL 612.821  |a SNKUST  |b SNKUST  |y PREZ  |7 0  |p 17A0513633  |o snkIC 133492  |i snk2006/12351  |8 4  |g 18.42  |0 0  |1 0  |4 0  |d 2006-06-01  |l 0  |r 2025-04-28 00:00:00  |w 2026-02-24